[Event "SRB-chT2 East"]
[Site "Leskovac"]
[Date "2014.09.25"]
[Round "1.2"]
[White "Zivkovic, Nemanja"]
[Black "Tosic, Branislav"]
[Result "1-0"]
[WhiteElo "2325"]
[BlackElo "2256"]
[PlyCount "49"]
[EventDate "2014.09.25"]
[EventType "team-swiss"]
[EventRounds "6"]
[EventCountry "SRB"]
[SourceTitle "EXT 2015"]
[Source "ChessBase"]
[SourceDate "2014.11.20"]
[SourceVersion "1"]
[SourceVersionDate "2014.11.20"]
[SourceQuality "1"]

1. e4 e5 2. Nf3 Nc6 3. Bb5 d6 4. 0-0 Nf6 5. Re1 Bd7 6. c3 Be7 7. d4 0-0 8. Nbd2 Nxd4 9. cxd4 Bxb5 10. Qb3 Ba6 11. dxe5 dxe5 12. Nxe5 Qd6 13. Ndf3 Qb4 14. Bg5 Qxb3 15. axb3 Bb5 16. Nd4 a6 17. Rad1 Bb4 18. Bd2 Bxd2 19. Rxd2 Rad8 20. Nef3 c5 21. Nxb5 axb5 22. e5 Rxd2 23. Nxd2 Nd5 24. g3 f6 25. exf6 1-0

[Event "SRB-CupT Central Serbia"]
[Site "Serbia"]
[Date "2014.05.03"]
[Round "6.8"]
[White "Tosic, Branislav"]
[Black "Avramovic, Zoran"]
[Result "0-1"]
[WhiteElo "2247"]
[BlackElo "2313"]
[PlyCount "112"]
[EventDate "2014.03.23"]
[EventType "team"]
[EventRounds "8"]
[EventCountry "SRB"]
[SourceTitle "EXT 2015"]
[Source "ChessBase"]
[SourceDate "2014.11.20"]
[SourceVersion "1"]
[SourceVersionDate "2014.11.20"]
[SourceQuality "1"]

1. d4 d5 2. Nf3 e6 3. c4 f5 4. Nc3 c6 5. Ne5 Nf6 6. g3 Bd6 7. Bg2 Nbd7 8. Bf4 Qc7 9. Nxd7 Bxd7 10. Bxd6 Qxd6 11. c5 Qe7 12. e3 e5 13. dxe5 Qxe5 14. Qd4 Qe7 15. 0-0 0-0 16. b4 Ne4 17. Ne2 Rab8 18. a3 Rfd8 19. Nf4 Be8 20. Ne2 b6 21. cxb6 axb6 22. Qd3 c5 23. f3 Nf6 24. Kh1 g6 25. bxc5 bxc5 26. Rab1 Bf7 27. Nc3 Rxb1 28. Rxb1 Re8 29. Re1 d4 30. Nd1 Qe5 31. f4 Qd6 32. Rf1 Ne4 33. Kg1 Nf6 34. a4 Rb8 35. exd4 cxd4 36. Nf2 Rb3 37. Qd2 Ra3 38. Qa5 Be8 39. Qe5 Qxe5 40. fxe5 Nh5 41. Rb1 Rxa4 42. Bd5+ Kf8 43. Rb8 Ra5 44. Rd8 Ke7 45. Rd6 Bd7 46. Nd3 Ng7 47. Bc4 Be6 48. Rc6 Bxc4 49. Rxc4 Ne6 50. Rb4 Kd7 51. Rc4 g5 52. Rc1 Ra3 53. Nc5+ Nxc5 54. Rxc5 Ke6 55. h4 Rxg3+ 56. Kf2 gxh4 0-1

[Event "SRB-chT2 East"]
[Site "Zajecar"]
[Date "2013.10.13"]
[Round "6.63"]
[White "Pantic, Dejan"]
[Black "Tosic, Branislav"]
[Result "0-1"]
[WhiteElo "1859"]
[BlackElo "2248"]
[PlyCount "81"]
[EventDate "2013.10.10"]
[EventType "team-swiss"]
[EventRounds "8"]
[EventCountry "SRB"]
[SourceTitle "EXT 2015"]
[Source "ChessBase"]
[SourceDate "2014.11.20"]
[SourceVersion "1"]
[SourceVersionDate "2014.11.20"]
[SourceQuality "1"]

1. e4 e5 2. Nf3 Nc6 3. Nc3 f5 4. d4 fxe4 5. Nxe4 d5 6. Ng3 e4 7. Ng1 Nf6 8. c3 Bd6 9. Be3 0-0 10. Be2 Qe8 11. Qd2 Qg6 12. Qd1 Ne7 13. Bh5 Nxh5 14. Qxh5 Qxh5 15. Nxh5 Nf5 16. Bc1 Nh4 17. g3 Ng6 18. Ne2 Bg4 19. Nhf4 Ne7 20. h4 c6 21. Rh2 b5 22. a3 a5 23. Bd2 Kh8 24. Ng2 b4 25. Ne3 Be6 26. a4 Rab8 27. Nc2 b3 28. Ne3 c5 29. Ng2 Nc6 30. Bf4 Bxf4 31. Nexf4 Bf7 32. dxc5 d4 33. cxd4 Nxd4 34. 0-0-0 Rb4 35. Ne3 Rxa4 36. Kb1 Rb8 37. Rhh1 Nc2 38. Kc1 Nxe3 39. fxe3 Ra8 40. Kd2 Rd8+ 41. Ke2 0-1

[Event "SRB-chT2 East"]
[Site "Zajecar"]
[Date "2013.10.12"]
[Round "4"]
[White "Tosic, Branislav"]
[Black "Trickovic, Borivoje"]
[Result "1-0"]
[WhiteElo "2248"]
[BlackElo "2259"]
[PlyCount "64"]
[EventDate "2013.10.10"]
[EventType "team-swiss"]
[EventRounds "8"]
[EventCountry "SRB"]
[SourceTitle "EXT 2014"]
[Source "ChessBase"]
[SourceDate "2013.11.20"]
[SourceVersion "1"]
[SourceVersionDate "2013.11.20"]
[SourceQuality "1"]

1. Nf3 d6 2. d4 Bg4 3. c4 Bxf3 4. exf3 Nd7 5. f4 g6 6. Nc3 Bg7 7. Be3 Ngf6 8. Be2 c6 9. Qc2 Qa5 10. a3 a6 11. b4 Qc7 12. 0-0 0-0 13. f5 e6 14. fxe6 fxe6 15. f4 Rae8 16. Rae1 Bh6 17. g4 e5 18. dxe5 Rxe5 19. Qd2 Ne4 20. Qd3 Nxc3 21. fxe5 Nxe2+ 22. Qxe2 Rxf1+ 23. Rxf1 Bxe3+ 24. Qxe3 Nxe5 25. c5 d5 26. Re1 Nf7 27. Qe6 Kg7 28. Rf1 Kg8 29. Kg2 Kg7 30. h4 d4 31. h5 Ne5 32. Qf6+ Kh6 1-0

[Event "SRB-chT2 East"]
[Site "Zajecar"]
[Date "2013.10.11"]
[Round "3"]
[White "Djokic, Nebojsa"]
[Black "Tosic, Branislav"]
[Result "1-0"]
[WhiteElo "2193"]
[BlackElo "2248"]
[PlyCount "99"]
[EventDate "2013.10.10"]
[EventType "team-swiss"]
[EventRounds "8"]
[EventCountry "SRB"]
[SourceTitle "EXT 2014"]
[Source "ChessBase"]
[SourceDate "2013.11.20"]
[SourceVersion "1"]
[SourceVersionDate "2013.11.20"]
[SourceQuality "1"]

1. e4 Nf6 2. e5 Nd5 3. d4 d6 4. Nf3 Bg4 5. Be2 e6 6. h3 Bh5 7. 0-0 Be7 8. c4 Nb6 9. exd6 cxd6 10. Nc3 0-0 11. Be3 N8d7 12. b3 Re8 13. Qd2 Nf6 14. a4 a6 15. a5 Nbd7 16. b4 e5 17. g4 Bg6 18. dxe5 dxe5 19. c5 Ne4 20. Nxe4 Bxe4 21. Qa2 Qc7 22. Nd2 Bg6 23. Nc4 Rad8 24. Rad1 Nb8 25. Nb6 Nc6 26. Qc4 Rxd1 27. Rxd1 Rd8 28. Nd5 Qc8 29. f4 exf4 30. Bxf4 Bf8 31. Bf3 Qe6 32. Qc3 f5 33. g5 Bf7 34. h4 Qe8 35. Bc7 Rd7 36. Re1 Qc8 37. Bd6 Bxd6 38. Nb6 Qc7 39. Nxd7 Bg3 40. Rd1 Bxh4 41. Bxc6 bxc6 42. Qe5 Qxe5 43. Nxe5 Be8 44. Rd8 Kf8 45. Nf3 Bg3 46. Ra8 Ke7 47. Rxa6 Bf4 48. Ra8 Bh5 49. Kg2 Kd7 50. Rg8 1-0

[Event "SRB-CupT Central"]
[Site "Serbia"]
[Date "2013.04.28"]
[Round "8.4"]
[White "Tosic, Branislav"]
[Black "Irizanin, Radoje"]
[Result "1/2-1/2"]
[WhiteElo "2234"]
[BlackElo "2335"]
[PlyCount "52"]
[EventDate "2013.03.24"]
[EventType "team-tourn"]
[EventRounds "8"]
[EventCountry "SRB"]
[SourceTitle "EXT 2018"]
[Source "ChessBase"]
[SourceDate "2017.10.13"]
[SourceVersion "1"]
[SourceVersionDate "2017.10.13"]
[SourceQuality "1"]

1. d4 d5 2. Nf3 c6 3. Nc3 Bf5 4. Bf4 Nf6 5. e3 e6 6. Bd3 Bg6 7. Ne5 Bxd3 8. cxd3 Nbd7 9. 0-0 Be7 10. a3 0-0 11. h3 a6 12. Qb3 Qb6 13. Qxb6 Nxb6 14. Rac1 Nfd7 15. Rc2 Nxe5 16. Bxe5 Nd7 17. Bg3 Bf6 18. Na4 Be7 19. Nc3 f5 20. Ne2 g5 21. f4 h6 22. Nc1 Rae8 23. Nb3 Bd8 24. Rcf2 Nf6 25. fxg5 hxg5 26. Bd6 Rf7 1/2-1/2

[Event "SRB-chT2 East CS"]
[Site "Serbia"]
[Date "2011.10.14"]
[Round "8.44"]
[White "Todorovic, Bojan"]
[Black "Tosic, Branislav"]
[Result "1/2-1/2"]
[WhiteElo "2288"]
[BlackElo "2244"]
[PlyCount "61"]
[EventDate "2011.09.11"]
[EventType "team"]
[EventRounds "11"]
[EventCountry "SRB"]
[SourceTitle "EXT 2015"]
[Source "ChessBase"]
[SourceDate "2014.11.20"]
[SourceVersion "1"]
[SourceVersionDate "2014.11.20"]
[SourceQuality "1"]

1. d4 d6 2. c4 e5 3. Nf3 exd4 4. Nxd4 Nf6 5. Nc3 g6 6. g3 Bg7 7. Bg2 0-0 8. 0-0 Nbd7 9. e4 Re8 10. Re1 Ne5 11. b3 Bd7 12. h3 a6 13. Be3 h5 14. Rc1 Rb8 15. f4 Nc6 16. Bf2 Qc8 17. Nxc6 bxc6 18. Kh2 c5 19. e5 dxe5 20. Rxe5 Be6 21. Rxc5 h4 22. g4 Bxg4 23. hxg4 Nxg4+ 24. Kg1 h3 25. Bxh3 Nxf2 26. Bxc8 Nxd1 27. Rxd1 Rbxc8 28. Nd5 c6 29. Nb6 Rc7 30. Nd5 Rcc8 31. Nb6 1/2-1/2

[Event "SRB-chT Cup Central"]
[Site "Vrnjacka Banja"]
[Date "2011.05.02"]
[Round "6"]
[White "Tosic, Branislav"]
[Black "Nestorovic, Lazar"]
[Result "1/2-1/2"]
[WhiteElo "2229"]
[BlackElo "2357"]
[PlyCount "51"]
[EventDate "2011.05.01"]
[EventType "team"]
[EventRounds "7"]
[EventCountry "SRB"]
[SourceTitle "EXT 2012"]
[Source "ChessBase"]
[SourceDate "2011.11.24"]
[SourceVersion "1"]
[SourceVersionDate "2011.11.24"]
[SourceQuality "1"]

1. d4 Nf6 2. c4 e6 3. Nf3 b6 4. g3 Bb7 5. Bg2 Be7 6. 0-0 0-0 7. Nc3 Ne4 8. Qc2 Nxc3 9. Qxc3 d6 10. b3 Nd7 11. Bb2 Bf6 12. Qc2 g6 13. e4 Qe7 14. e5 Bg7 15. Rfe1 Rac8 16. Rad1 d5 17. c5 bxc5 18. Ba3 Rfd8 19. Bxc5 Nxc5 20. dxc5 Bf8 21. b4 Ba6 22. Nd4 c6 23. a3 Bc4 24. Bf1 Bxf1 25. Kxf1 Qd7 26. Kg1 1/2-1/2

[Event "SRB-chT2 East"]
[Site "Golubac"]
[Date "2008.10.17"]
[Round "7.5"]
[White "Tosic, Branislav"]
[Black "Stankovic, Ivan G"]
[Result "1-0"]
[WhiteElo "2194"]
[BlackElo "2025"]
[PlyCount "93"]
[EventDate "2008.09.14"]
[EventType "team"]
[EventRounds "11"]
[EventCountry "SRB"]
[SourceTitle "EXT 2012"]
[Source "ChessBase"]
[SourceDate "2011.11.24"]
[SourceVersion "1"]
[SourceVersionDate "2011.11.24"]
[SourceQuality "1"]

1. d4 g6 2. c4 Bg7 3. Nc3 d6 4. e4 Nd7 5. Be3 e5 6. Nge2 Ne7 7. Qd2 h6 8. f4 exf4 9. Nxf4 0-0 10. 0-0-0 Kh7 11. Be2 Nf6 12. h3 g5 13. Nd3 Ng6 14. Nf2 Ng8 15. g4 Be6 16. Rhf1 Qe7 17. Nh1 c5 18. dxc5 dxc5 19. Ng3 Rad8 20. Nd5 Bxd5 21. exd5 Nh4 22. Bd3+ Kh8 23. Qf2 b6 24. Rde1 Qf6 25. Nh5 Qxf2 26. Rxf2 Rde8 27. Nxg7 Kxg7 28. Kd2 Nf6 29. Ref1 Nd7 30. a3 a5 31. b4 axb4 32. axb4 cxb4 33. Rb1 Ra8 34. Rxb4 Nc5 35. Bd4+ f6 36. Rxb6 Ra2+ 37. Rb2 Nf3+ 38. Rxf3 Nb3+ 39. Kc3 Rxb2 40. Kxb2 Nxd4 41. Rf2 f5 42. Kc3 fxg4 43. Rxf8 Kxf8 44. Kxd4 gxh3 45. Ke3 h5 46. Kf2 h4 47. Bf5 1-0

[Event "SRB-chT2 East"]
[Site "Golubac"]
[Date "2008.10.12"]
[Round "5.3"]
[White "Tosic, Branislav"]
[Black "Djokic, Nebojsa"]
[Result "1/2-1/2"]
[WhiteElo "2194"]
[BlackElo "2220"]
[PlyCount "90"]
[EventDate "2008.09.14"]
[EventType "team"]
[EventRounds "11"]
[EventCountry "SRB"]
[SourceTitle "EXT 2012"]
[Source "ChessBase"]
[SourceDate "2011.11.24"]
[SourceVersion "1"]
[SourceVersionDate "2011.11.24"]
[SourceQuality "1"]

1. d4 Nf6 2. c4 g6 3. Nc3 Bg7 4. e4 d6 5. f3 0-0 6. Be3 e5 7. d5 c6 8. Qd2 cxd5 9. cxd5 a6 10. Bd3 Nh5 11. Nge2 f5 12. exf5 gxf5 13. 0-0 Nd7 14. f4 exf4 15. Nxf4 Nxf4 16. Bxf4 Ne5 17. Be2 b5 18. a4 Nc4 19. Bxc4 bxc4 20. Bh6 Ra7 21. Bxg7 Rxg7 22. Rf4 Qb6+ 23. Kh1 Qc5 24. Raf1 Re8 25. Qf2 Qxf2 26. R1xf2 Re1+ 27. Rf1 Rxf1+ 28. Rxf1 Rg4 29. g3 Rd4 30. Rf4 Rd3 31. Rxc4 Bb7 32. Rb4 Bxd5+ 33. Nxd5 Rxd5 34. Rb6 Kf7 35. Rxa6 Rd1+ 36. Kg2 Rd2+ 37. Kh3 Rxb2 38. Rxd6 Ra2 39. Ra6 Kg7 40. a5 h6 41. Ra7+ Kg6 42. a6 Kf6 43. Ra8 Kg6 44. g4 fxg4+ 45. Kxg4 Ra4+ 1/2-1/2

[Event "SRB-chT2 East"]
[Site "Golubac"]
[Date "2008.09.28"]
[Round "3.3"]
[White "Tosic, Branislav"]
[Black "Markovic, Milan"]
[Result "0-1"]
[WhiteElo "2194"]
[BlackElo "2349"]
[PlyCount "82"]
[EventDate "2008.09.14"]
[EventType "team"]
[EventRounds "11"]
[EventCountry "SRB"]
[SourceTitle "EXT 2012"]
[Source "ChessBase"]
[SourceDate "2011.11.24"]
[SourceVersion "1"]
[SourceVersionDate "2011.11.24"]
[SourceQuality "1"]

1. Nf3 g6 2. d4 Nf6 3. Nc3 c5 4. d5 Bg7 5. e4 0-0 6. Nd2 d6 7. Be2 Na6 8. 0-0 Nc7 9. a4 e6 10. Nc4 exd5 11. exd5 Re8 12. Bf3 b6 13. Bf4 Bf8 14. Re1 Ba6 15. Rxe8 Ncxe8 16. Qd3 Bg7 17. Nb5 Qd7 18. Ne3 Nc7 19. c4 Nfe8 20. Qb3 Bc8 21. Nxc7 Qxc7 22. Re1 Nf6 23. Nd1 Bd7 24. Nc3 a6 25. h3 Re8 26. Rxe8+ Nxe8 27. Qc2 Qd8 28. Ne4 Bf5 29. b3 Be5 30. Bg3 Bxg3 31. fxg3 Qg5 32. Qe2 Bxe4 33. Qxe4 Kf8 34. Qf4 Qe5 35. Kh2 Ke7 36. h4 Ng7 37. Bg4 h5 38. Bd1 Nf5 39. Bf3 Qxf4 40. gxf4 Nxh4 41. Be4 Kf6 0-1